000
00237nam a22001097a 4500
100
_a
Amarchitra katha
245
_a
Aladdin : graphic novel
250
_a
2013
260
_b
Amar chitre kaths pvt. Ltd.
300
_a
48
942
_2
ddc
_c
BK
999
_c
12835
_d
12835